000 00486nam a22001697a 4500
005 20241126065112.0
008 241126b |||||||| |||| 00| 0 eng d
020 _a0409004375 ; 0409004383
041 _aEnglish
082 _a349 JOU
100 _lEnglish
245 _aThe Law of South Africa
260 _aDurban:
_bButterworth Publishers (Pty) Ltd,
_c1997
300 _bx, 997 pages;
_c25 cm.
650 _aLegal practice
_bLaw
942 _cBK
_6ALISON_BN_VRIES
999 _c3260
_d3260